21 Most Hated Bands - Statistics

General Stats
  • This quiz has been taken 77 times
  • The average score is 6 of 21
Answer Stats
# Initials Answer % Correct
8 MCR My Chemical Romance
68%
1 N Nickelback
67%
5 O Oasis
57%
7 U U2
52%
13 GD Green Day
42%
19 LP Linkin Park
41%
2 LB Limp Bizkit
39%
6 M Metallica
35%
18 BMTH Bring Me the Horizon
33%
12 C Coldplay
32%
4 C Creed
29%
17 BFMV Bullet for My Valentine
26%
14 FFDP Five Finger Death Punch
22%
10 K KISS
22%
21 S Slipknot
17%
3 AS Avenged Sevenfold
16%
11 BVB Black Veil Brides
14%
16 DMB Dave Matthews Band
14%
15 M Muse
10%
20 DT Dream Theater
1%
9 DF DragonForce
0%
No matching quizzes found
Score Distribution
Percent of People with Each Score
Percentile by Number Answered
Your Score History
You have not taken this quiz